O Novo CPC e o Processo do Trabalho IV Cumprimento de Sentenȧ e Execuȯ̂ de Tt̕ulo Extrajudicial /

Detalles Bibliográficos
Autor principal: Freire e Silva, Bruno
Formato: eBook
Lenguaje:portugués
Publicado: San Pablo: LTR, 2019
Materias:
Acceso en línea:Acceso restringido

MARC

LEADER 00000nam a22000007a 4500
005 20191216224022.0
007 cr|||| ||||
008 191216s2019 br |||||s|||| 00||0 por d
020 |a 978-85-301-0065-0 
035 |a 30898 
040 |a vLex 
090 |c 10077  |d 10077 
100 1 |a Freire e Silva, Bruno 
245 1 0 |a O Novo CPC e o Processo do Trabalho IV  |h [Recurso electrn̤ico] :  |b Cumprimento de Sentenȧ e Execuȯ̂ de Tt̕ulo Extrajudicial /  |c Bruno Freire e Silva 
256 |a Servicio en ln̕ea 
260 |a San Pablo:  |b LTR,  |c 2019 
300 |a 1 recurso electrn̤ico 
500 |a Com grande satisfaȯ̂ recebi o convite para escrever as linhas prefaciais da presente obra, cujo autor ̌um admirv̀el colega de magistřio, sendo um dos mais novos e notv̀eis Professores do Departamento de Direito Processual da Faculdade de Direito da Universidade do Estado do Rio de Janeiro. Na obra que ora apresento, assim como nos trs̊ volumes anteriores desta Coleȯ̂, o autor analisa, artigo por artigo, aquilo que foi objeto de alteraȯ̂ no Cd̤igo de Processo Civil, examinando-os ̉luz do que dispe̳ a Consolidaȯ̂ das Leis do Trabalho, de modo a interpretar o direito processual do trabalho, num esforȯ de conferir maior seguranȧ na aplicaȯ̂ dos dispositivos examinados na seara trabalhista. Durante a leitura da obra, o leitor percebe claramente como o autor alia os conhecimentos ter̤icos de sua trajetr̤ia acadm̊ica com uma visô pragmt̀ica de quem milita cotidianamente no Direito do Trabalho. Isso confere ao trabalho uma visô equilibrada e ao mesmo tempo apurada sobre a aplicaȯ̂ dos dispositivos do Cd̤igo de Processo Civil no ḿbito do processo do trabalho. O presente trabalho, portanto, ao lado dos trs̊ volumes anteriores desta Coleȯ̂, j ̀se coloca, pelos seus mřitos, como refern̊cia aos estudiosos e operadores do Direito Processual aplicado ao Direito do Trabalho e se afigura como uma importante contribuiȯ̂ para a interpretaȯ̂ das normas processuais aplicv̀eis ̉seara laboral, sobretudo por analisar o tema a partir das alteraė̳s na Consolidaȯ̂ das Leis do Trabalho, promovidas por meio da chamada “Reforma Trabalhista” de 2017. 
506 1 |a Disponible solo en los productos indicados  |d vLex Global  |d vLex Global (Academic Edition, excluding Law Schools)  |d vLex Global (U.S. Academic Edition, Law Schools)  |d vLex Global (U.S. Academic Edition, excluding Law Schools)  |d vLex Global (Academic Edition, Law Schools) 
650 0 4 |a Procedimiento Laboral  |z Brasil 
650 0 4 |a Procedimiento Civil  |z Brasil 
740 0 |a vLex Libros (Servicio en ln̕ea) 
856 4 0 |u http://vlex.com/source/novo-cpc-e-o-processo-do-trabalho-iv-cumprimento-de-senten-a-e-execu-o-de-titulo-extrajudicial-30898  |z Acceso restringido 
942 |c BOOK 
999 0 |a Labor Procedure 
999 0 |a Civil Procedure